000 00705nam a2200181Ia 4500
008 090630s9999 xx 000 0 und d
082 _b16906
100 _aडॉ. मोरे तुकाराम.
245 _aग्रीन हाऊस तंत्रज्ञान.
_cडॉ. मोरे तुकाराम.
260 _bकॉन्टीनेंटल.
300 _a0
600 _aडॉ. मोरे तुकाराम.
630 _aग्रीन हाऊस तंत्रज्ञान.
655 _aइतर.
700 _aडॉ. मोरे तुकाराम.
730 _aग्रीन हाऊस तंत्रज्ञान.
942 _cBOOK
999 _c268762
_d268762